Statystyki dla Który kraj posiada więcej ludności?

Kliknij tutaj aby rozwiązać quiz!

Ogólne statystyki

  • Ten quiz został rozwiązany 986 razy
  • Średni wynik to 10 z 15

Statystyki odpowiedzi

ZagadnienieOdpowiedź% Poprawnych
Które państwo jest bardziej zaludnione ?Indie
97%
Które państwo jest bardziej zaludnione ?Stany zjednoczone
84%
Które państwo jest bardziej zaludnione ?Indonezja
79%
Które państwo jest bardziej zaludnione ?Andora
74%
Które państwo jest bardziej zaludnione ?Dania
67%
Które państwo jest bardziej zaludnione ?Malezja
66%
Które państwo jest bardziej zaludnione ?Chile
65%
Które państwo jest bardziej zaludnione ?Iran
63%
Które państwo jest bardziej zaludnione ?Polska
59%
Które państwo jest bardziej zaludnione ?Szwecja
57%
Które państwo jest bardziej zaludnione ?Egipt
52%
Które państwo jest bardziej zaludnione ?Islandia
51%
Które państwo jest bardziej zaludnione ?Kuwejt
50%
Które państwo jest bardziej zaludnione ?Włochy
50%
Które państwo jest bardziej zaludnione ?Ekwador
41%

Rozkład punktacji

Percentyl według liczby udzielonych odpowiedzi

Procent ludzi z każdym wynikiem

Twoja historia wyników

Nie rozwiązałeś tego quizu